Los cuadernos de Rusia (Record no. 127464)

MARC details
000 -LEADER
campo de control de longitud fija 00658nam a2200205 4500
001 - NÚMERO DE CONTROL
campo de control 127464
003 - IDENTIFICADOR DE NÚMERO DE CONTROL
campo de control ES-MaACL
005 - FECHA Y HORA DE LA ÚLTIMA TRANSACCIÓN
campo de control 20240607062958.0
007 - CAMPO FIJO DE DESCRIPCIÓN FÍSICA--INFORMACIÓN GENERAL
campo de control de longitud fija t|
008 - DATOS DE LONGITUD FIJA--INFORMACIÓN GENERAL
campo de control de longitud fija 070214s1978 sp r ||||1| spa d
100 1# - ENTRADA PRINCIPAL--NOMBRE DE PERSONA
Nombre de persona Ridruejo, Dionisio,
Fechas asociadas al nombre 1912-1975
9 (RLIN) 97065
245 14 - MENCIÓN DEL TÍTULO
Título Los cuadernos de Rusia
Resto del título : diario /
Mención de responsabilidad, etc. Dionisio Ridruejo ; edición al cuidado de Gloria de Ros y César Armando Gómez.
250 ## - MENCION DE EDICION
Mención de edición 1ª ed.
260 ## - PUBLICACIÓN, DISTRIBUCIÓN, ETC.
Lugar de publicación, distribución, etc. Barcelona :
Nombre del editor, distribuidor, etc. Planeta,
Fecha de publicación, distribución, etc. 1978.
300 ## - DESCRIPCIÓN FÍSICA
Extensión 296 p. ;
Dimensiones 21 cm.
700 1# - ENTRADA AGREGADA--NOMBRE PERSONAL
Nombre de persona Ros, Gloria de.
9 (RLIN) 99574
700 1# - ENTRADA AGREGADA--NOMBRE PERSONAL
Nombre de persona Gómez, César Armando.
9 (RLIN) 57753
852 ## - LOCALIZACIÓN
Ubicación ES-MaACL
Número de control de estantería A-9533
Sublocalización o colección R.98325
Holdings
Estatus retirado Estado de pérdida Estado de daño No para préstamo Biblioteca de origen Biblioteca actual Ubicación en estantería Fecha de adquisición Fuente de adquisición Total de préstamos Signatura topográfica completa Código de barras Visto por última vez Precio de reemplazo Tipo de ítem Koha
        Biblioteca del Ateneo de Madrid Biblioteca del Ateneo de Madrid Depósito 1 17/01/2008     A-9533 1132761 23/02/2023 23/02/2023 Libro impreso